International routes from Osaka Kansai International Airport (KIX) - Statistics

General Stats
  • This quiz has been taken 57 times
    15 since last reset
  • The average score is 130 of 156
Answer Stats
Airline International Route Country % Correct
Etihad Airways Abu Dhabi United Arab Emirates
100%
Thai Air Asia X | Thai Lion Air Bangkok-Don Mueang Thailand
100%
Japan Airlines | Peach | Thai Airways International | Thai VietJet Air Bangkok-Suvarnabhumi Thailand
100%
Air China | Hainan Airlines Beijing-Capital China
100%
China Eastern Airlines | China Southern Airlines | China United Airlines | Juneyao Air Beijing-Daxing China
100%
Jetstar Brisbane Australia
100%
China Eastern Airlines | Sichuan Airlines Chengdu-Tianfu China
100%
Qatar Airways Doha Qatar
100%
Emirates Dubai-International United Arab Emirates
100%
VietJet Air | Vietnam Airlines Hanoi Vietnam
100%
AirAsia | AirAsia X | Malaysia Airlines Kuala Lumpur-International Malaysia
100%
Japan Airlines Los Angeles United States of America
100%
Cebu Pacific | Philippine Airlines | Phillippines Air Asia Manila Phillippines
100%
United Airlines San Francisco United States of America
100%
Asiana Airlines | Jeju Air | Korean Air Seoul-Gimpo South Korea
100%
Aero K | Air Busan | Air Seoul | +8 others Seoul-Incheon South Korea
100%
ANA | Air China | China Eastern Airlines | +6 others Shanghai-Pudong China
100%
Peach | Scoot | Singapore Airlines Singapore Singapore
100%
Jetstar Sydney Australia
100%
AirAsia X | Cathay Pacific | China Airlines | +8 others Taipei-Taoyuan Taiwan
100%
KLM Amsterdam Netherlands
91%
ANA Beijing-Capital China
91%
Air Busan | Eastar Jet | Jeju Air | +2 others Busan South Korea
91%
Cebu Pacific | Phillippine Airlines Cebu Phillippines
91%
Hainan Airlines | Xiamen Air Chongqing China
91%
Air China | Beijing Capital Airlines | Loong Air | Xiamen Air Hangzhou China
91%
VietJet Air | Vietnam Airlines Ho Chin Minh City Vietnam
91%
Cathay Pacific | Greater Bay Airlines | HK Express | +2 others Hong Kong China
91%
Turkish Airlines Istanbul Turkiye
91%
Lufthansa Munich Germany
91%
Air France Paris-Charles de Gaulle France
91%
Shenzhen Airlines Shenzhen China
91%
Air Canada Toronto-Pearson Canada
91%
MIAT Mongolian Airlines Ulaanbaatar Mongolia
91%
Air Canada Vancouver Canada
91%
China Eastern Airlines | Juneyao Air Wuhan China
91%
Spring Airlines | Xiamen Air Xiamen China
91%
Spring Airlines Xi'an China
91%
Jetstar Cairns Australia
82%
China Southern Airlines | Juneyao Air Changsha China
82%
ANA | China Southern Airlines | Spring Airlines Dalian China
82%
Vietnam Airlines Da Nang Vietnam
82%
Xiamen Air Fuzhou China
82%
China Southern Airlines | Juneyao Air Harbin China
82%
Finnair Helsinki Finland
82%
Hawaiian Airlines | Japan Airlines Honolulu United States of America
82%
T'way Air Jeju South Korea
82%
Air Macau Macau China
82%
Juneyao Air | Shenzhen Airlines Nanjing China
82%
ANA | Juneyao Air | Qingdao Airlines | Shandong Airlines Qingdao China
82%
Spring Airlines | Tianjin Airlines Tianjin China
82%
United Airlines Guam United States of America
73%
9 Air | China Southern Airlines Guangzhou China
73%
Hainan Airlines Haikou China
73%
AirAsia | China Airlines | EVA Air | Tigerair Taiwan Kaohsiung Taiwan
73%
China Southern Airlines | Spring Airlines Shenyang China
73%
T'way Air Daegu South Korea
64%
Shandong Airlines Jinan China
64%
Juneyao Air Wenzhou China
64%
Aero K | T'way Air Cheongju South Korea
55%
Jin Air Muan South Korea
55%
Thai VietJet Air Chiang Mai Thailand
45%
Juneyao Air | Shenzhen Airlines Wuxi China
45%
Spring Airlines Ningbo China
36%
Tianjin Airlines Urumqi China
36%
China Southern Airlines Changchun China
27%
Spring Airlines | Tianjin Airlines Guiyang China
18%
9 Air | China Eastern Airlines Hefei China
18%
9 Air Linyi China
18%
Juneyao Air Changzhou China
9%
China Eastern Airlines Nanchang China
9%
Shenzhen Airlines Nantong China
9%
Peach Seoul-Gimpo South Korea
9%
Spring Airlines Yangzhou China
9%
Spring Airlines Yancheng China
0%
No matching quizzes found
Score Distribution
Percent of People with Each Score
Percentile by Number Answered
Your Score History
You have not taken this quiz since the last reset